ბათუმის შოთა რუსთაველის სახელმწიფო უნივერსიტეტის ბიბლიოთეკა

NorthStar 4 : (ბიბ.ჩანაწერი № 57545)

000 -LEADER
fixed length control field 01182cam a2200313 a 4500
001 - CONTROL NUMBER
control field 2599943
005 - DATE AND TIME OF LATEST TRANSACTION
control field 20200727142609.0
008 - FIXED-LENGTH DATA ELEMENTS--GENERAL INFORMATION
fixed length control field 971022s2015 nyua 000 0 eng
010 ## - LIBRARY OF CONGRESS CONTROL NUMBER
LC control number 97043261
020 ## - INTERNATIONAL STANDARD BOOK NUMBER
International Standard Book Number 9780134049779
040 ## - CATALOGING SOURCE
Original cataloging agency DLC
Transcribing agency DLC
Modifying agency DLC
041 ## - LANGUAGE CODE
Language code of text/sound track or separate title eng
050 00 - LIBRARY OF CONGRESS CALL NUMBER
Classification number PE1128
Item number .E58 1998
080 ## - UNIVERSAL DECIMAL CLASSIFICATION NUMBER
Universal Decimal Classification number 811.111.1 E-56
082 00 - DEWEY DECIMAL CLASSIFICATION NUMBER
Classification number 428.2/4
Edition number 21
100 1# - MAIN ENTRY--PERSONAL NAME
Personal name English, Andrew K.,
Dates associated with a name 1953-
9 (RLIN) 9055
245 10 - TITLE STATEMENT
Title NorthStar 4 :
Name of part/section of a work Reading and writing /
Statement of responsibility, etc. Andrew K. English, Laura Monahon English.
250 ## - EDITION STATEMENT
Edition statement fourth edition
260 ## - PUBLICATION, DISTRIBUTION, ETC.
Place of publication, distribution, etc. NY :
Name of publisher, distributor, etc. Pearson,
Date of publication, distribution, etc. 2015
300 ## - PHYSICAL DESCRIPTION
Extent xiv, 266 p. :
Other physical details ill. ;
Dimensions 26 cm.
650 #0 - SUBJECT ADDED ENTRY--TOPICAL TERM
Topical term or geographic name entry element English language
General subdivision Textbooks for foreign speakers.
9 (RLIN) 9056
650 #0 - SUBJECT ADDED ENTRY--TOPICAL TERM
Topical term or geographic name entry element Reading comprehension
General subdivision Problems, exercises, etc.
9 (RLIN) 9057
650 #0 - SUBJECT ADDED ENTRY--TOPICAL TERM
Topical term or geographic name entry element Report writing
General subdivision Problems, exercises, etc.
9 (RLIN) 9058
653 ## - INDEX TERM--UNCONTROLLED
keyword ინგლისური ენა
700 1# - ADDED ENTRY--PERSONAL NAME
Personal name English, Laura M.
Fuller form of name (Laura Monahon),
Dates associated with a name 1961-
Relator term ავტორი
9 (RLIN) 9059
906 ## - LOCAL DATA ELEMENT F, LDF (RLIN)
a 7
b cbc
c orignew
d 1
e ocip
f 19
g y-gencatlg
942 ## - ADDED ENTRY ELEMENTS (KOHA)
Source of classification or shelving scheme
Koha item type წიგნი
ეგზემპლარები
Withdrawn status Lost status Source of classification or shelving scheme Damaged status Not for loan Permanent Location Current Location Shelving location Date acquired Cost, normal purchase price Full call number Barcode Date last seen Copy number Price effective from Koha item type Public note
          ბათუმის შოთა რუსთაველის სახელმწიფო უნივერსიტეტის მთავარი ბიბლიოთეკა ბათუმის შოთა რუსთაველის სახელმწიფო უნივერსიტეტის მთავარი ბიბლიოთეკა წიგნსაცავი 2020-07-27 147.00 811.111.1 E-56 60754 2020-07-27 60754 2020-07-27 წიგნი 147 ლ.